| 000 | 00545nam a2200169 a 4500 | ||
|---|---|---|---|
| 001 | 000016262 | ||
| 005 | 20200929164337.0 | ||
| 008 | 100302s19uu dr a 000 0 spa d | ||
| 040 |
_aDO-SdBNP _bspa _cBNPHU |
||
| 082 |
_axxx _bM385d |
||
| 100 | 1 |
_aMartínez, Antonio C. _936323 |
|
| 245 | 1 | 0 |
_aDelincuencia y deportación del extranjero en la ley de inmigración / _cAntonio C. Martínez, Pablo E. Polastri. |
| 260 |
_a[s. c.] : _b[s.n.], _c[19-- ?]. |
||
| 300 |
_a75 p. : _bil. ; _c22 cm. |
||
| 700 | 1 |
_aPolastri, Pablo E. _936324 |
|
| 049 | _aBNPD | ||
| 999 |
_c15799 _d15799 |
||